[Event "6th OIBM"]
[Site "Bad Wiessee GER"]
[Date "2002.10.26"]
[Round "1"]
[White "Schoene,M"]
[Black "Sandipan,C"]
[Result "0-1"]
[WhiteElo "2043"]
[BlackElo "2510"]

1.e4 c5 2.Nf3 e6 3.d4 cxd4 4.Nxd4 Nc6 5.Nc3 Qc7 6.Be2 a6 7.a3 Nf6 8.Be3 Be7
9.f4 d6 10.g4 Nxd4 11.Qxd4 e5 12.Qd2 Bxg4 13.f5 Bxe2 14.Qxe2 h6 15.O-O-O Rc8
16.Kb1 Qc4 17.Qg2 Rg8 18.Bc1 Kd8 19.Rd3 Kc7 20.Rg3 Kb8 21.Re1 Bd8 22.Rd1 Ba5
23.Nd5 Qxe4 24.Ne7 Qxg2 25.Rxg2 d5 26.Nxg8 Rxg8 27.b4 Bc7 28.Bb2 Nh5 29.Bc1 Rd8
30.Be3 d4 31.Bf2 Rd6 32.Bg3 Rf6 33.Rf2 Nf4 34.Bxf4 exf4 35.Rg2 g5 36.fxg6 fxg6
37.Rd3 g5 38.Kc1 f3 39.Rf2 g4 40.Kd1 Be5 41.Ke1 h5 42.Kd1 Kc7 43.a4 h4  0-1

[Event "Olympiad w"]
[Site "Bled SLO"]
[Date "2002.10.27"]
[Round "2"]
[White "Seps,M"]
[Black "Velcheva,M"]
[Result "1/2-1/2"]
[WhiteElo "2067"]
[BlackElo "2303"]

1.e4 c5 2.Nf3 e6 3.d4 cxd4 4.Nxd4 Nc6 5.Nc3 Qc7 6.g3 a6 7.Bg2 Nf6 8.O-O Bc5
9.Be3 Ne5 10.h3 d6 11.Qe2 b5 12.Rad1 Bb7 13.a3 O-O 14.Bg5 Nfd7 15.Nb3 Nb6
16.Nxc5 dxc5 17.b3 b4 18.Nb1 a5 19.Qh5 f6 20.Bf4 Nbd7 21.Rd2 g6 22.Qd1 Rad8
23.h4 Ba6 24.Re1 c4 25.Bh3 Rfe8 26.h5 cxb3 27.cxb3 Nc5 28.Bxe5 fxe5 29.hxg6 hxg6
30.axb4 axb4 31.Qg4 Kg7 32.Rc2 Qd6 33.Rd2 Bd3 34.Bf1 Qc7 35.Bxd3 Nxd3 36.Red1 Nc5
37.Qf3 Rxd2 38.Nxd2 Rd8 39.Nc4 Rxd1+ 40.Qxd1 Nxe4 41.Qe1 Qb7 42.f3 Nf6 43.Kg2 e4
44.f4 Nd5 45.Qxe4 Nxf4+ 46.Kf3 Qxe4+ 47.Kxe4 Ne2 48.Ke5 Nxg3 49.Kxe6 Ne2
50.Kd5 Nc1 51.Nd2 g5 52.Kc4 Na2 53.Kd4 Kg6 54.Ke4 Kh5 55.Kf3 g4+ 56.Kg3 Nc1
57.Ne4 Ne2+ 58.Kf2 Nd4 59.Nf6+ Kh4 60.Nd5 Nxb3 61.Nxb4 g3+ 62.Kg2 Nd4 63.Nd5 Nc2
64.Nf4 Kg4 65.Ne2 Ne1+ 66.Kf1 Nd3 67.Ng1 Ne1 68.Kxe1  1/2-1/2

[Event "10th Chigorin Mem"]
[Site "St Petersburg RUS"]
[Date "2002.10.27"]
[Round "3"]
[White "Lastin,A"]
[Black "Tunik,G"]
[Result "1/2-1/2"]
[WhiteElo "2625"]
[BlackElo "2503"]

1.e4 c5 2.Nf3 e6 3.d4 cxd4 4.Nxd4 Nc6 5.Nc3 a6 6.Nxc6 bxc6 7.Bd3 d5 8.O-O Nf6
9.Qf3 Be7 10.Qg3 O-O 11.Bh6 Ne8 12.Bf4 a5 13.exd5 cxd5 14.Nb5  1/2-1/2

[Event "10th Chigorin Mem"]
[Site "St Petersburg RUS"]
[Date "2002.10.27"]
[Round "3"]
[White "Okrugin,S"]
[Black "Grachev,B"]
[Result "1/2-1/2"]
[WhiteElo "2392"]
[BlackElo "2489"]

1.e4 c5 2.Nf3 e6 3.d4 cxd4 4.Nxd4 Nc6 5.Nc3 Qc7 6.Be3 Nf6 7.Bd3 a6 8.O-O Ne5
9.h3 Bc5 10.Qe2 d6 11.f4 Ng6 12.Nb3 Bxe3+ 13.Qxe3 O-O 14.a4 b6 15.Nd2 Rb8
16.Kh1 Bb7 17.Rf2 Rfe8 18.Re1 e5 19.fxe5 Nxe5 20.Qg3 Qe7 21.Kg1 Rbc8 22.Ref1 Nfd7
23.Nb3 Qe6 24.Nd4 Qg6 25.Qh4 Nc5 26.Nf5 Rc7 27.Be2 h6 28.b4 Ncd7 29.Nd5 Bxd5
30.exd5 Qf6 31.Qxf6 Nxf6 32.Bxa6 Ne4 33.Rf4 Ng6 34.Bb5 Re5 35.Rxe4 Rxe4 36.c4 Rexc4
37.Bxc4 Rxc4 38.Rb1 Rc2 39.Nxd6 Nf4 40.Ne4 Rxg2+ 41.Kf1 Rh2 42.Nf2 Nxh3 43.Nxh3 Rxh3
44.Ke2 Kf8 45.Ra1 Rb3 46.a5 bxa5 47.bxa5 Rb7 48.a6 Ra7 49.Kd3 Ke7 50.Kc4 Kd6
51.Ra5 f5 52.Ra1 f4  1/2-1/2

[Event "Olympiad"]
[Site "Bled SLO"]
[Date "2002.10.28"]
[Round "3"]
[White "Dukaczewski,P"]
[Black "Zapata,A"]
[Result "0-1"]
[WhiteElo "2342"]
[BlackElo "2556"]

1.e4 c5 2.Nf3 e6 3.d4 cxd4 4.Nxd4 Nc6 5.Nc3 Qc7 6.Be2 Nf6 7.O-O a6 8.Be3 d6
9.f4 Be7 10.Bf3 O-O 11.Qe1 Nxd4 12.Bxd4 e5 13.Be3 exf4 14.Bxf4 Be6 15.Kh1 Nd7
16.Nd5 Bxd5 17.exd5 Bf6 18.c3 Rae8 19.Qd2 Be5 20.Be3 Qc4 21.g3 Re7 22.Bf2 Rfe8
23.Rfe1 Bf6 24.Rxe7 Rxe7 25.Qc2 g6 26.Kg2 Ne5 27.Qe2 Qa4 28.b3 Qa5 29.b4 Qa3
30.Rb1 Qxc3 31.Rb3 Qc8 32.b5 a5 33.b6 h5 34.Qb5 Qc2 35.Rb2 Qf5 36.Rb3 g5
37.Qe2 g4 38.Be4 Nc4 39.Bxf5 Rxe2 40.Bd3 Rd2 41.Kf1 Ne5 42.Bf5 Nf3 43.Bc8 Rxa2
44.Bxb7 Nd2+ 45.Ke1 Nxb3 46.Bc6 Bd4  0-1

[Event "Olympiad"]
[Site "Bled SLO"]
[Date "2002.10.29"]
[Round "4"]
[White "Ye Jiangchuan"]
[Black "Lutz,C"]
[Result "1/2-1/2"]
[WhiteElo "2667"]
[BlackElo "2645"]

1.e4 c5 2.Nf3 e6 3.d4 cxd4 4.Nxd4 Nc6 5.Nc3 Qc7 6.Be2 a6 7.O-O Nf6 8.Kh1 Be7
9.f4 d6 10.a4 O-O 11.Be3 Re8 12.Bg1 Nxd4 13.Qxd4 e5 14.Qd3 exf4 15.Rxf4 Be6
16.Raf1 Nd7 17.Nd5 Qc6 18.Nxe7+ Rxe7 19.Rd1 Rc8 20.c3 Bc4 21.Qxc4 Qxc4 22.Bxc4 Rxc4
23.Rxd6 Rxa4 24.h3 f6 25.Bd4 Ra1+ 26.Kh2 Rb1 27.c4 Rc1 28.Bc3 Kf7 29.Rf5 Rc2  1/2-1/2

[Event "Olympiad"]
[Site "Bled SLO"]
[Date "2002.10.29"]
[Round "4"]
[White "Soltanici,R"]
[Black "Hoelzl,F"]
[Result "1-0"]
[WhiteElo "2408"]
[BlackElo "2372"]

1.e4 c5 2.Nf3 e6 3.d4 cxd4 4.Nxd4 Nc6 5.Nc3 Qc7 6.Be3 Nf6 7.Bd3 b6 8.O-O Bb7
9.Qe2 Bc5 10.Ndb5 Qb8 11.f4 d6 12.Rae1 O-O 13.Bxc5 bxc5 14.e5 Ne8 15.Ne4 Nd4
16.Nxd4 cxd4 17.Ng5 g6 18.f5 exf5 19.e6 Ng7 20.exf7+ Kh8 21.Qf2 Bd5 22.Qh4 h5
23.Qxd4 Qb6 24.Qxb6 axb6 25.a3 Bxf7 26.Re7 Bg8 27.Rfe1 Rae8 28.Kf2 d5 29.Rb7 Rxe1
30.Kxe1 Rf6 31.b4 Rc6 32.a4 Ne6 33.Nxe6 Bxe6 34.a5 bxa5 35.bxa5 Bc8 36.Ra7 f4
37.a6 Bf5 38.Rb7 Bxd3 39.a7 Ra6 40.cxd3  1-0

[Event "Olympiad w"]
[Site "Bled SLO"]
[Date "2002.10.29"]
[Round "4"]
[White "Mrvova,A"]
[Black "Borulya,E"]
[Result "1/2-1/2"]
[WhiteElo "2236"]
[BlackElo "2348"]

1.e4 c5 2.Nf3 e6 3.d4 cxd4 4.Nxd4 Nc6 5.Nc3 Qc7 6.Be2 a6 7.O-O Nf6 8.Be3 Bb4
9.Na4 Bd6 10.f4 Nxe4 11.Nxc6 bxc6 12.Nb6 Rb8 13.Nxc8 Rxc8 14.Bxa6 Ra8 15.Bc4 O-O
16.Qf3 f5 17.Bd3 Nf6 18.c4 c5 19.Bd2 g6 20.Bc3 Nh5 21.g3 Rae8 22.Rad1 Be7
23.Bc2 Bf6 24.Rfe1 Rd8 25.Be5 d6 26.Bxf6 Rxf6 27.Re2 Ng7 28.Red2 Qa7 29.a3 Qa6
30.Qc3 Rf7 31.b4 Qb6 32.Qe3 Rc7 33.b5 Kf7 34.h3 h5 35.a4 Ne8 36.g4 hxg4 37.hxg4 Nf6
38.g5 Ng4 39.Qh3 Kg7 40.Rh2 Nxh2 41.Qh6+ Kf7 42.Qh7+ Kf8 43.Qxh2 Kg8 44.Qd2 Ra7
45.Re1 d5 46.cxd5 exd5 47.Qe3 Qd6 48.Qe6+ Qxe6 49.Rxe6 Kg7 50.Rc6 d4 51.Rxc5 d3
52.Bd1 d2 53.Kf2 Re7 54.Rc2 Re4 55.Rb2 Rxf4+ 56.Ke2 Re4+ 57.Kf2 Rh4 58.b6 Rh1
59.Rb1 Ra8 60.b7 Rb8 61.Ke2 Rh2+ 62.Kd3 Rd8+ 63.Kc2 Rh4 64.Kc3 Rh3+ 65.Kc2 Rb8
66.Kxd2 Ra3 67.Rb4 Kf7 68.Bb3+ Ke7 69.Kc2 Kd6 70.Bf7 f4 71.Bxg6 f3 72.Be4 f2
73.Bg2 Ra1 74.Rf4 Rxb7 75.Bxb7 f1=Q 76.Rxf1 Rxf1 77.g6 Rg1 78.Be4 Kc5 79.Kc3 Rg3+
80.Bd3 Kb6 81.Kd4 Ka5 82.Bf5 Kxa4 83.Ke4  1/2-1/2

[Event "Olympiad w"]
[Site "Bled SLO"]
[Date "2002.10.29"]
[Round "4"]
[White "Nepeina Leconte,M"]
[Black "Popova,N"]
[Result "0-1"]
[WhiteElo "2329"]
[BlackElo "2247"]

1.e4 c5 2.Nf3 e6 3.d4 cxd4 4.Nxd4 Nc6 5.Nc3 d6 6.g3 Nf6 7.Bg2 Bd7 8.O-O Be7
9.Be3 O-O 10.a4 Re8 11.h3 Nxd4 12.Qxd4 Bc6 13.Rfd1 Qb8 14.g4 Rd8 15.b4 b6
16.g5 Nd7 17.Nb5 Nf8 18.Ra3 d5 19.e5 Ng6 20.f4 Nh4 21.Bh1 Nf5 22.Qd2 a5 23.Nd4 Nxd4
24.Bxd4 axb4 25.Rg3 Bc5 26.h4 Rxa4 27.Rb3 Ra2 28.Rxb4 Bxb4 29.Qxb4 Rxc2 30.h5 Rc4
31.Qb2 Qb7 32.h6 g6 33.Ra1 Rc8 34.Bg2 Be8 35.Kh2 b5 36.Ra7 Qc6 37.Qa1 b4
38.Be3 Rc2 39.Qa5 d4  0-1

[Event "Olympiad w"]
[Site "Bled SLO"]
[Date "2002.10.29"]
[Round "4"]
[White "Seps,M"]
[Black "Sheldon,R"]
[Result "1-0"]
[WhiteElo "2067"]
[BlackElo "2288"]

1.e4 c5 2.Nf3 e6 3.d4 cxd4 4.Nxd4 Nc6 5.Nc3 Qc7 6.g3 a6 7.Bg2 Nf6 8.O-O Be7
9.a4 O-O 10.Nb3 d6 11.Qe2 b6 12.h3 Bb7 13.Be3 Nd7 14.f4 Bf6 15.Nd1 Nc5 16.Nxc5 bxc5
17.c3 Na5 18.Nf2 Bc6 19.Ng4 Be7 20.b4 Nb7 21.b5 axb5 22.axb5 Bd7 23.c4 f5
24.exf5 exf5 25.Bd5+ Kh8 26.Bd2 Rae8 27.Ne3 Qb8 28.Qf3 Bc8 29.Bc3 Bf6 30.Bxf6 Rxf6
31.Bc6 Ree6 32.Ra3 d5 33.Nxd5 Rf8 34.Nb6 Nd8 35.Ra8 Qxb6 36.Rxc8 Qa5 37.Qf2 Qa3
38.Rd1 Qa5 39.Qd2 Qb6 40.Rxd8 Re1+ 41.Qxe1 Rxd8 42.Rxd8+  1-0

[Event "10th Chigorin Mem"]
[Site "St Petersburg RUS"]
[Date "2002.10.29"]
[Round "5"]
[White "Gasanov,E"]
[Black "Dashko,A"]
[Result "0-1"]
[WhiteElo "2473"]
[BlackElo "2401"]

1.e4 c5 2.Nc3 e6 3.Nf3 Nc6 4.d4 cxd4 5.Nxd4 Qc7 6.Be3 Nf6 7.Bd3 a6 8.O-O b5
9.a3 Bb7 10.Kh1 h5 11.f4 h4 12.h3 Nxd4 13.Bxd4 Nh5 14.Ne2 Bc5 15.Bxc5 Qxc5
16.Qe1 g5 17.b4 Qe7 18.a4 bxa4 19.f5 g4 20.Qf2 gxh3 21.gxh3 d5 22.e5 Ng3+
23.Nxg3 hxg3 24.Qxg3 O-O-O 25.Rg1 Qxb4 26.Kh2 Rh4 27.Rab1 Qd2+ 28.Rg2 Qh6
29.Bf1 d4 30.Rf2 Rh8 31.fxe6 Qxe6 32.Rf6 Qa2 33.Rxb7 Kxb7 34.Qf3+ Kc8 35.Rxf7 Qxc2+
36.Kg3 Qc3 37.Qxc3+ dxc3 38.Rf6 Kd7 39.Rd6+ Kc7 40.Rd5 Kc6 41.Rd1 Kc5 42.e6 Re4
43.Rc1 Kb4 44.Rb1+ Ka3 45.Rb6 Rc8 46.Bxa6 Rc7 47.Kf3 Rb4 48.Rxb4 Kxb4 49.Bd3 a3
50.Bb1 c2 51.e7 Rxe7  0-1

[Event "10th Chigorin Mem"]
[Site "St Petersburg RUS"]
[Date "2002.10.29"]
[Round "5"]
[White "Timofeev,Ar"]
[Black "Fominyh,A"]
[Result "1/2-1/2"]
[WhiteElo "2558"]
[BlackElo "2529"]

1.e4 c5 2.Nf3 Nc6 3.Nc3 e6 4.d4 cxd4 5.Nxd4 Qc7 6.f4 a6 7.Nxc6 Qxc6 8.Bd3 Bc5
9.Bd2 b5 10.Qg4 g6 11.e5 f5 12.exf6 Nxf6 13.Bxg6+ Kd8 14.Qg5 Be7 15.Ne4 a5
16.Nxf6 hxg6 17.O-O-O b4 18.Qxg6 a4 19.Kb1 Rf8 20.Ng4 b3 21.Ne5 bxc2+ 22.Qxc2 Qxc2+
23.Kxc2 Bb7 24.Rhe1 Bxg2 25.Bc3 Ra7 26.Ng6 Rg8 27.f5 Bh3 28.Nxe7 Kxe7 29.f6+ Kf7
30.Rg1 Bg4 31.Rdf1 d6 32.h3 Bf5+ 33.Kd2 Rg6 34.h4 Ra8 35.Ke3 Rxg1 36.Rxg1 e5
37.Rd1 Rd8 38.Rd5 Kxf6  1/2-1/2

[Event "10th Chigorin Mem B"]
[Site "St Petersburg RUS"]
[Date "2002.10.29"]
[Round "5"]
[White "Loukachouk,A"]
[Black "Vasilevich,I"]
[Result "1-0"]
[WhiteElo "2326"]
[BlackElo "2251"]

1.e4 c5 2.Nf3 e6 3.d4 cxd4 4.Nxd4 Nc6 5.Nc3 Qc7 6.Be3 a6 7.a3 Nf6 8.f4 d6
9.Be2 Be7 10.O-O O-O 11.Qe1 Re8 12.Qg3 Nd7 13.f5 Bf6 14.fxe6 fxe6 15.Nxe6 Rxe6
16.Bc4 Nd8 17.Bxe6+ Nxe6 18.Nd5 Qd8 19.Qxd6 Qe8 20.e5 Bd8 21.Rad1 a5 22.Nf4 Ndf8
23.Nxe6 Nxe6 24.Bc5 h6 25.Qd5 Kh8 26.Rf3 Be7 27.Bd6 Ng5 28.Bxe7 Nxf3+ 29.gxf3 Qg6+
30.Kh1 Qxc2 31.Rg1 Bh3 32.Qxb7 Rg8 33.Bf8 Qh7 34.Qf7 a4 35.Rg6  1-0

[Event "Olympiad"]
[Site "Bled SLO"]
[Date "2002.10.30"]
[Round "5"]
[White "Abdelnabbi,I"]
[Black "Stefansson,H"]
[Result "0-1"]
[WhiteElo "2412"]
[BlackElo "2566"]

1.e4 c5 2.Nf3 e6 3.Nc3 Nc6 4.d4 cxd4 5.Nxd4 Qc7 6.g3 a6 7.Bg2 d6 8.O-O Nf6
9.Re1 Rb8 10.h3 Be7 11.a4 O-O 12.g4 Re8 13.g5 Nd7 14.Nb3 b6 15.h4 Bb7 16.f4 Bf8
17.Be3 Na5 18.Nxa5 bxa5 19.Ba7 Bxe4 20.Bxb8 Qb6+ 21.Kh2 Bxg2 22.Kxg2 Rxb8
23.Qf3 g6 24.Nd1 d5 25.Re2 Qc6 26.c3 Bg7 27.Ne3 Nb6 28.h5 Qc7 29.hxg6 hxg6
30.Ng4 Nc4 31.Qf2 Nd6 32.Rh1 Nf5 33.Ne3 Nd6 34.Qf3 Rb6 35.Rh4 Qb7 36.Nd1 Nf5
37.Rh2 Rb3 38.Rd2 Qc6 39.Ne3 Nd6 40.Ng4 Qxa4 41.Re2 Ne4 42.Qd3 Qb5 43.Qxb5 axb5
44.Nf2 Nc5 45.Rh3 a4 46.Nd1 Ne4 47.Rc2 Nd6 48.Ne3 b4 49.cxb4 Rxb2 50.Rxb2 Bxb2
51.Nc2 Nb5 52.Kf1 a3 53.Rb3 Bc1 54.Nxa3 Bxa3 55.Rb1 d4 56.Ke1 Kf8 57.Kd2 Ke7
58.Kd3 Kd6 59.Kc4 Kc6 60.Ra1 d3 61.Rd1 d2 62.Rxd2 Bc1 63.Rf2 Nc7 64.Kd4 Kd6
65.Rf1 Bd2 66.Kc4 Nd5 67.Ra1 Bxb4 68.Ra7 Bd2 69.Rxf7 Bxf4 70.Kd4 Bxg5 71.Ke4 Nf6+
72.Kf3 Ke5 73.Rf8 Kf5 74.Ra8 e5 75.Ra5 Bf4 76.Ra8 g5 77.Rf8 g4+ 78.Kg2 Ke6
79.Ra8 Nd5 80.Ra4 Kf5 81.Ra5 Ne3+ 82.Kg1 g3 83.Ra8 Kg4 84.Ra4 Kf3 85.Ra3 e4
86.Rb3 Be5 87.Ra3 Bd4 88.Rb3 Kf4 89.Rb8 Nf5+ 90.Kg2 Nh4+ 91.Kh3 g2  0-1

[Event "Olympiad"]
[Site "Bled SLO"]
[Date "2002.10.30"]
[Round "5"]
[White "Zapata,A"]
[Black "Ljubojevic,L"]
[Result "1-0"]
[WhiteElo "2556"]
[BlackElo "2557"]

1.e4 c5 2.Nf3 e6 3.d4 cxd4 4.Nxd4 Nc6 5.Nc3 Qc7 6.Be2 Nf6 7.O-O a6 8.Kh1 d6
9.f4 Be7 10.Be3 O-O 11.a4 Bd7 12.Nb3 b6 13.g4 d5 14.e5 Ne8 15.Bf3 Rb8 16.Nd4 Kh8
17.Nce2 f6 18.Nxc6 Bxc6 19.Nd4 Bd7 20.Bf2 fxe5 21.fxe5 Qd8 22.Be2 Nc7 23.Be3 Qe8
24.c3 Rxf1+ 25.Bxf1 a5 26.Bd3 Qd8 27.Qf3 Qg8 28.Qh3 Rf8 29.Ne2 Bc5 30.Nf4 Be8
31.Rf1 g5 32.Bxc5 bxc5 33.Bxh7 Qxh7 34.Ng6+ Bxg6 35.Rxf8+ Kg7 36.Qxh7+ Bxh7
37.Rc8 Na6 38.Rc6 Bd3 39.Rxe6 Kf7 40.Rd6 Ke7 41.h4 gxh4 42.Kh2 Nc7 43.Kh3 Bc2
44.g5 Bxa4 45.Kxh4 Be8 46.Kg4 d4 47.cxd4 cxd4 48.Rxd4 Ke6 49.g6 Nd5 50.g7 Ne7
51.Rd8 Bf7 52.Kf4 Bg8 53.Rf8 Bf7 54.Ra8 Bg8 55.Rxa5 Kf7 56.Ra7  1-0

[Event "6th OIBM"]
[Site "Bad Wiessee GER"]
[Date "2002.10.31"]
[Round "6"]
[White "Lanka,Z"]
[Black "Gershon,A"]
[Result "0-1"]
[WhiteElo "2509"]
[BlackElo "2562"]

1.e4 c5 2.Nf3 e6 3.d4 cxd4 4.Nxd4 Nc6 5.Nc3 Qc7 6.Be2 a6 7.Be3 Nf6 8.a3 Na5
9.f4 d6 10.g4 Nc4 11.Bc1 b5 12.g5 Nd7 13.O-O g6 14.Kh1 Bb7 15.Bf3 Bg7 16.f5 gxf5
17.exf5 Bxd4 18.Qxd4 Bxf3+ 19.Rxf3 Qb7 20.Qe4 d5 21.Qd4 O-O-O 22.Ne2 e5 23.Qg4 e4
24.Rh3 d4 25.Qg2 Nde5 26.Bf4 d3 27.cxd3 exd3 28.Nc3 d2 29.Qxb7+ Kxb7 30.b3 Nd3
31.bxc4 Nf2+ 32.Kg2 Nxh3 33.Kxh3 Rd3+ 34.Kh4 Rxc3 35.Bxd2 Rd3 36.Bb4 bxc4
37.Rc1 Rc8 38.Rc2 Kb6 39.Kh5 Rh3+ 40.Kg4 Rd3 41.Kh5 c3 42.Kh6 a5 43.Rxc3 Rdxc3
44.Bxc3 Rxc3 45.Kxh7 Rxa3 46.Kg7 Rf3 47.f6 a4  0-1

[Event "10th Chigorin Mem"]
[Site "St Petersburg RUS"]
[Date "2002.10.31"]
[Round "6"]
[White "Palekha,A"]
[Black "Pridorozhni,A"]
[Result "0-1"]
[WhiteElo "2409"]
[BlackElo "2475"]

1.e4 c5 2.Nf3 e6 3.Nc3 Nc6 4.d4 cxd4 5.Nxd4 Nf6 6.Ndb5 d6 7.Bf4 e5 8.Bg5 a6
9.Na3 b5 10.Bxf6 gxf6 11.Nd5 f5 12.c3 Bg7 13.exf5 Bxf5 14.Nc2 Be6 15.g3 O-O
16.Bg2 Rb8 17.O-O a5 18.Nce3 b4 19.Qh5 f5 20.Rfd1 bxc3 21.bxc3 Ne7 22.Nxe7+ Qxe7
23.Bd5 Kh8 24.Rab1 Rxb1 25.Rxb1 Bc8 26.g4 e4 27.gxf5 Bxc3 28.Qg4 Bd4 29.Qxe4 Qg7+
30.Kh1 Bxe3 31.Qxe3 Bxf5 32.Rd1 Bg6 33.f4 Re8 34.Qd2 Qf6 35.Qd4 Kg7 36.Qxf6+ Kxf6
37.Rd4 Re2 38.Kg1 Rc2 39.Ra4 Rc5 40.Rd4 Bf5 41.Bb3 Ke7 42.Kf2 Bd7 43.Kg3 Rc3+
44.Kf2 Rc5 45.Kg3 Bf5 46.Kf3 Rc3+ 47.Kf2 Bb1 48.Rc4 Rh3 49.Kg2 Rd3 50.Ra4 Rd2+
51.Kg3 d5 52.Rxa5 Be4 53.Ra6 Rg2+ 54.Kh3 Rg1 55.Kh4 Rf1 56.Kg4 Rf2 57.Kg3 Rd2
58.Rb6 Kd7 59.f5 Bxf5 60.Kf4 Kc7 61.Rf6 Bg6 62.Ke3 Rd3+ 63.Ke2 Rd4 64.Ke3 Re4+
65.Kf3 d4 66.Rf4 Re3+ 67.Kf2 Be4 68.Bd1 Kb6 69.Bf3 Bxf3 70.Rxf3 Re5 71.a4 Kc5
72.Ra3 Kb4 73.Ra1 d3 74.a5 d2 75.a6 Re7 76.Rb1+ Kc3 77.Rb7 d1=Q 78.Rxe7 Qa4
79.Kg2 Qg4+ 80.Kf1 Qh3+ 81.Ke2 Qxh2+ 82.Ke3 Qd6 83.Rxh7 Qxa6  0-1

[Event "Olympiad w"]
[Site "Bled SLO"]
[Date "2002.11.01"]
[Round "7"]
[White "Moncayo Romero,E"]
[Black "Swathi,G"]
[Result "0-1"]
[WhiteElo "2173"]
[BlackElo "2247"]

1.e4 c5 2.Nf3 e6 3.d4 cxd4 4.Nxd4 Nc6 5.Nc3 Nf6 6.Nxc6 bxc6 7.e5 Nd5 8.Ne4 Qc7
9.f4 Qb6 10.c4 Bb4+ 11.Ke2 f5 12.Nd6+ Bxd6 13.exd6 Nf6 14.Qb3 c5 15.Qxb6 axb6
16.b3 Ne4 17.Bb2 Rg8 18.Be5 g5 19.Rg1 gxf4 20.Bxf4 Nc3+ 21.Kd2 Rxa2+ 22.Rxa2 Nxa2
23.Be2 Nb4 24.h4 Bb7 25.Bg5 Kf7 26.Bh5+ Kg7 27.g4 h6 28.gxf5 hxg5 29.fxe6 dxe6
30.Rxg5+ Kf8 31.Rxg8+ Kxg8 32.d7 Nc6 33.Ke3 Kg7 34.Bg4 Nd8 35.Kf4 Kf6 36.Bh5 e5+
37.Kg4 Be4 38.Be8 Bf5+  0-1

[Event "Olympiad w"]
[Site "Bled SLO"]
[Date "2002.11.01"]
[Round "7"]
[White "Ramaswamy,A"]
[Black "Vasquez Ramirez,R"]
[Result "1-0"]
[WhiteElo "2271"]
[BlackElo "2252"]

1.e4 c5 2.Nf3 e6 3.d4 cxd4 4.Nxd4 Nc6 5.Nc3 Qc7 6.Be3 a6 7.Qd2 Nf6 8.O-O-O Bb4
9.f3 d5 10.a3 Be7 11.exd5 exd5 12.g4 Be6 13.g5 Nd7 14.Nxe6 fxe6 15.Bh3 Nd8
16.f4 Rc8 17.Rhe1 Rf8 18.Re2 g6 19.Nxd5  1-0

[Event "British Rapidplay"]
[Site "Bradford ENG"]
[Date "2002.11.01"]
[Round "11"]
[White "Haslinger,S"]
[Black "Gordon,S"]
[Result "1/2-1/2"]
[WhiteElo "2385"]
[BlackElo "2159"]

1.e4 c5 2.Nf3 e6 3.d4 cxd4 4.Nxd4 Nc6 5.Nc3 d6 6.g4 Nge7 7.Be3 Nxd4 8.Qxd4 Nc6
9.Qd2 a6 10.O-O-O b5 11.f4 Qc7 12.Bd3 Bd7 13.Kb1 Na5 14.Qf2 Nc4 15.Bc1 b4
16.Ne2 a5 17.Rhe1 a4 18.Qd4 Rc8 19.Bxc4 Qxc4 20.Qxc4 Rxc4 21.Ng3 Be7 22.b3 axb3
23.axb3 Rc7 24.Rd4 Rb7 25.Bd2 e5 26.Rxb4 Rxb4 27.Bxb4 exf4 28.Nf5 Bxf5 29.exf5 Kd7
30.Bc3 f6 31.Rf1 g5 32.fxg6 hxg6 33.g5 Rh3 34.gxf6 Rxc3 35.fxe7 f3 36.Rf2 g5
37.h3 Kxe7 38.Kc1  1/2-1/2

[Event "10th Chigorin Mem"]
[Site "St Petersburg RUS"]
[Date "2002.11.01"]
[Round "7"]
[White "Voitsekhovsky,S"]
[Black "Ulko,J"]
[Result "1-0"]
[WhiteElo "2513"]
[BlackElo "2472"]

1.e4 c5 2.Nf3 e6 3.d4 cxd4 4.Nxd4 Nc6 5.Nc3 Qc7 6.g3 a6 7.Bg2 Nf6 8.O-O Bc5
9.Nxc6 dxc6 10.Na4 Be7 11.e5 Nd7 12.Bf4 Nf8 13.Be3 c5 14.f4 Bd7 15.Nc3 O-O-O
16.Qe2 Bc6 17.Ne4 f5 18.exf6 gxf6 19.f5 Qe5 20.Bf4 Qd4+ 21.Kh1 exf5 22.Rad1 Qxb2
23.Nd6+ Bxd6 24.Bxc6 Bxf4 25.Rb1 Qxa2 26.Bxb7+ Kc7 27.Bg2 Qe6 28.Qf3 Rd4
29.Qa8 Qc8 30.Qa7+ Kd8 31.Qg7 Bd6 32.Qxf6+ Be7 33.Qxh8 f4 34.c3 Rd2 35.Rxf4 Ke8
36.Rbf1  1-0

[Event "Olympiad w"]
[Site "Bled SLO"]
[Date "2002.11.02"]
[Round "8"]
[White "Jelica,M"]
[Black "Popova,N"]
[Result "1/2-1/2"]
[WhiteElo "2189"]
[BlackElo "2247"]

1.e4 c5 2.Nf3 e6 3.d4 cxd4 4.Nxd4 Nc6 5.Nc3 d6 6.Be2 Nf6 7.O-O Be7 8.Kh1 O-O
9.Be3 a6 10.a4 Qc7 11.Nb3 b6 12.f4 Bb7 13.Bf3 Na5 14.Nxa5 bxa5 15.Qe1 Rfc8
16.Qf2 Bc6 17.e5 Nd7 18.Bxc6 Qxc6 19.exd6 Bxd6 20.f5 e5 21.Rad1 Nf6 22.Bg5 Be7
23.Bxf6 Bxf6 24.Nd5 Rab8 25.c3 Rd8 26.Nxf6+ Qxf6 27.Rxd8+ Rxd8 28.Qe2  1/2-1/2

[Event "Olympiad"]
[Site "Bled SLO"]
[Date "2002.11.02"]
[Round "8"]
[White "Kasimdzhanov,R"]
[Black "Ye Jiangchuan"]
[Result "0-1"]
[WhiteElo "2653"]
[BlackElo "2667"]

1.e4 c5 2.Nf3 e6 3.d4 cxd4 4.Nxd4 Nc6 5.Nc3 Qc7 6.Be3 a6 7.Qd2 Nf6 8.O-O-O Bb4
9.f3 Ne5 10.Nb3 b5 11.Kb1 Be7 12.Qf2 d6 13.g4 Nfd7 14.Rg1 Bb7 15.g5 Rc8 16.a3 Nc4
17.Bxc4 bxc4 18.Nd4 Rb8 19.h4 d5 20.exd5 Bxd5 21.Nxd5 exd5 22.Rge1 O-O 23.Bf4 Rxb2+
24.Kxb2 Bxa3+ 25.Kxa3 Qa5+ 26.Kb2 c3+ 27.Kb1 Qb6+ 28.Nb3 Qxf2 29.Bd6 Rd8
30.Bb4 Qxh4 31.Bxc3 Nf8 32.Re5 Qc4 33.Ba5 Rc8 34.Rd2 Qf1+ 35.Kb2 Ne6 36.Rexd5 Qxf3
37.Bb4 h6 38.gxh6 Qf6+ 39.c3 Qxh6 40.Rd6 Ra8 41.Na5 Qg5 42.R6d5 Qh4 43.Nc6 Re8
44.Rd7 a5 45.Nxa5 Rc8 46.R7d5 Qg3 47.Nb7 Rb8 48.Nd6 Qf4 49.Kc2 Rxb4 50.cxb4 Qxb4
51.Nf5 g6 52.Ne3  0-1

[Event "Olympiad w"]
[Site "Bled SLO"]
[Date "2002.11.02"]
[Round "8"]
[White "Gaponenko,I"]
[Black "Sheldon,R"]
[Result "1-0"]
[WhiteElo "2411"]
[BlackElo "2288"]

1.e4 c5 2.Nf3 e6 3.d4 cxd4 4.Nxd4 Nc6 5.Nc3 Qc7 6.Be3 a6 7.Bd3 Nf6 8.O-O Bd6
9.h3 Bf4 10.Bxf4 Qxf4 11.Nde2 Qc7 12.f4 d6 13.Qe1 b5 14.a3 Bb7 15.Qh4 h6
16.Rae1 O-O-O 17.Qf2 Kb8 18.b4 d5 19.exd5 exd5 20.a4 d4 21.axb5 dxc3 22.bxc6 Qxc6
23.Ng3 Rhe8 24.Rxe8 Rxe8 25.b5 axb5 26.Rb1 Qe6 27.Bxb5 Re7 28.Rb3 Nd5 29.Kh2 g5
30.fxg5 hxg5 31.Bc4 Qe3 32.Qxe3 Nxe3 33.Ba6 Nxc2 34.Bxb7 Rxb7 35.Rxc3 Nd4
36.Ne4 Ne6 37.Rg3 Kc7 38.Nxg5 Nxg5 39.Rxg5 Kd6 40.Rf5 Ke6 41.g4 Rb3 42.h4 Ke7
43.h5 Kf8 44.Kg2 Kg7 45.Rf3 Rb4 46.Kg3 Ra4 47.g5 Rb4 48.Rf4 Rb5 49.Kg4 Ra5
50.Rd4 Rb5 51.h6+ Kg6 52.Rd6+ Kh7 53.Rf6 Rb7 54.Kh5 Kg8 55.Rf4 Ra7 56.Kg4 Ra5
57.Rb4 Kh7 58.Rb8 Ra1 59.Rb4 Ra5 60.Kf4 Kg8 61.Rb8+ Kh7 62.Rf8 Ra7 63.Kf5 Ra5+
64.Kf6 Ra6+ 65.Kxf7 Rg6 66.Rh8+ Kxh8 67.Kxg6 Kg8 68.h7+ Kh8 69.Kf7  1-0

[Event "Olympiad"]
[Site "Bled SLO"]
[Date "2002.11.02"]
[Round "8"]
[White "Kotsur,P"]
[Black "Ljubojevic,L"]
[Result "1-0"]
[WhiteElo "2579"]
[BlackElo "2557"]

1.e4 c5 2.Nf3 e6 3.d4 cxd4 4.Nxd4 Nc6 5.Nc3 d6 6.Be3 Nf6 7.Be2 Be7 8.O-O O-O
9.Kh1 Bd7 10.Nb3 a6 11.a4 Na5 12.Nd2 Qc7 13.f4 Rab8 14.Bd3 b5 15.axb5 axb5
16.e5 Ne8 17.Qh5 f5 18.exf6 Nxf6 19.Qe2 b4 20.Nb5 Qd8 21.Nd4 Nb7 22.N2b3 Qe8
23.Bd2 Nd8 24.Qe1 d5 25.f5 exf5 26.Nxf5 Ne4 27.Nxe7+ Qxe7 28.Rxf8+ Kxf8 29.Be3 Nc6
30.Nd4 Kg8 31.Nxc6 Bxc6 32.Bd4 Ra8 33.Rxa8+ Bxa8 34.Qa1 Bc6 35.Qa6 Be8 36.Qa8 Qd7
37.Qb8 Qe7 38.h3 Kf7 39.Qf4+ Kg8 40.Qb8 Kf7 41.Kg1 h5 42.Qf4+ Kg8 43.Qf5 Bf7
44.b3 Qd6 45.Qe5 Qg6 46.Qb8+ Kh7 47.Qxb4 Be6 48.Qb6 Qf5 49.Qc7 Qg6 50.Kh2 Bf5
51.Qe5 Nd6 52.Qxd5 Bxd3 53.cxd3 Nf5 54.Bf2 Qf6 55.b4 g5 56.g4 hxg4 57.hxg4 Ne7
58.Qe4+ Ng6 59.Be3 Kh6 60.Kg3 Qd6+ 61.Kf2 Qh2+ 62.Qg2 Qb8 63.Qh1+ Kg7 64.Bd4+ Kg8
65.Qd5+ Kf8 66.Qf5+  1-0

[Event "Olympiad"]
[Site "Bled SLO"]
[Date "2002.11.02"]
[Round "8"]
[White "Sutovsky,E"]
[Black "Macieja,B"]
[Result "1/2-1/2"]
[WhiteElo "2657"]
[BlackElo "2615"]

1.e4 c5 2.Nf3 e6 3.d4 cxd4 4.Nxd4 Nc6 5.Nc3 Qc7 6.f4 Nxd4 7.Qxd4 a6 8.Be3 b5
9.Be2 Bb7 10.O-O Rc8 11.Rfd1 Nf6 12.e5 Nd5 13.Nxd5 Bxd5 14.a4 Qc6 15.axb5 axb5
16.Rd3 b4 17.c4 Qxc4 18.Rc3 bxc3 19.Bxc4 Bxc4 20.Qxc3 Be7 21.Ra4 Ba6 22.Rxa6 Rxc3
23.Ra8+ Bd8 24.bxc3 f6 25.exf6 gxf6 26.g4 Rg8 27.h3 Kf7 28.Ra7 Ke8 29.Kf2 Be7
30.c4 Bd6 31.Kf3 Ke7 32.c5 Bb8 33.Rb7 Rc8 34.c6 Bc7 35.Bc5+ Kd8 36.Bd4 e5
37.fxe5 fxe5 38.cxd7 Rb8 39.Rxc7 exd4 40.Rc8+ Rxc8 41.dxc8=Q+ Kxc8 42.Ke4 Kd7
43.Kxd4 Kd6 44.Ke4 Ke6 45.Kf3 Kf6 46.Kf4 Kg6 47.h4 Kf6 48.Ke4 Ke6 49.Kf4 Kf6
50.Ke4 Ke6 51.Kd4 Kd6 52.h5 h6 53.g5 Ke6 54.g6 Kf6 55.Kd5 Kg7 56.Ke6 Kg8
57.Kf6 Kf8 58.g7+ Kg8 59.Kg6  1/2-1/2

[Event "Olympiad"]
[Site "Bled SLO"]
[Date "2002.11.02"]
[Round "8"]
[White "Grassi,E"]
[Black "Mukabi,J"]
[Result "0-1"]
[WhiteElo "2117"]
[BlackElo "2123"]

1.e4 c5 2.Nf3 e6 3.d4 cxd4 4.Nxd4 Nc6 5.Nc3 Nf6 6.Ndb5 d6 7.Bf4 e5 8.Bg5 a6
9.Na3 Be7 10.Bxf6 Bxf6 11.Nd5 b5 12.c3 O-O 13.Bd3 Be6 14.Nxf6+ Qxf6 15.O-O Rad8
16.Qe2 Qg5 17.f3 f5 18.exf5 Bxf5 19.Bxf5 Rxf5 20.Nc2 Rf6 21.a4 Rb8 22.axb5 axb5
23.Ne3 Ne7 24.Ra7 Rg6 25.Rfa1 h5 26.Ra8 Rxa8 27.Rxa8+ Kh7 28.Rb8 Nf5 29.Nxf5 Qxf5
30.Rxb5 Qb1+ 31.Kf2 Qh1 32.Qf1 Qxh2 33.Rb4 d5 34.Qg1 Qg3+ 35.Kf1 e4 36.Qf2 Qh2
37.Rd4 exf3 38.g3 Qh3+ 39.Ke1 Rxg3 40.Qf1 Rg2 41.Rd2 Qg3+  0-1

[Event "10th Chigorin Mem"]
[Site "St Petersburg RUS"]
[Date "2002.11.02"]
[Round "8"]
[White "Smirnov,P"]
[Black "Bocharov,D"]
[Result "0-1"]
[WhiteElo "2562"]
[BlackElo "2502"]

1.e4 c5 2.Nf3 e6 3.d4 cxd4 4.Nxd4 Nc6 5.Nc3 a6 6.Be2 Qc7 7.O-O Nf6 8.Be3 Be7
9.f4 d6 10.Qe1 O-O 11.Qg3 Nxd4 12.Bxd4 b5 13.a3 Bb7 14.Rae1 Rad8 15.Kh1 Rd7
16.Bd3 Re8 17.Re3 Qd8 18.Qh3 Bf8 19.e5 dxe5 20.fxe5 Rxd4 21.exf6 g6 22.Ne2 Rd6
23.Qh4 Qa8 24.Nf4 Rd4 25.Qg5 Be4 26.Rh3 e5 27.Ne2 Rd6 28.Nc3 Bc6 29.Rh4 e4
30.Be2 Qd8 31.Rhf4 Rd2 32.h4 Rxc2 33.h5 h6 34.Qg3 g5 35.Rf5 Rxb2 36.Rd1 Qb8
37.Qe3 Rd8  0-1